| 000 | 00554nam a2200205Ia 4500 | ||
|---|---|---|---|
| 005 | 20250923145115.0 | ||
| 008 | 008 250917s9999 xx 000 0 eng d | ||
| 037 | _aTextual | ||
| 040 |
_aDSWL _beng _cDSWL |
||
| 041 |
_aeng _2eng |
||
| 084 |
_aY2:434.792, N66 _qDSWL |
||
| 100 |
_aLewis, Oscar _9831858 |
||
| 245 | 0 |
_aLa Vida _cby Oscar Lewis |
|
| 260 |
_aLondon _bSeeker & Warburg _c1967 |
||
| 300 | _a192 p. | ||
| 365 |
_aINR _b70 |
||
| 925 | _g70 | ||
| 942 |
_cTEXL _hY2:434.792, N66 |
||
| 999 |
_c1447186 _d1447186 |
||